[Event "Khanty-Mansiysk Governor Cup Rapid 20th"]
[Site "Khanty-Mansiysk"]
[Date "2024.11.24"]
[Round "7"]
[White "Silaev, Arseniy"]
[Black "Smougalev, Gennady"]
[Result "0-1"]
[WhiteElo "1712"]
[BlackElo "2138"]
[PlyCount "56"]
[EventDate "2024.11.23"]
[EventType "swiss (rapid)"]
[EventRounds "11"]
[EventCountry "RUS"]
[SourceTitle "CB48_2024"]
[SourceDate "2024.11.28"]
[SourceVersion "1"]
[SourceVersionDate "2024.11.28"]
[SourceQuality "1"]

1. e4 c5 2. Nf3 g6 3. d4 cxd4 4. Nxd4 Bg7 5. Nc3 Nc6 6. Be3 Nf6 7. Bc4 Qa5 8. f3 Qb4 9. Nxc6 Qxc4 10. Ne5 Qc7 11. Nd3 d6 12. 0-0 Be6 13. Qd2 0-0 14. Nf4 Bc4 15. Rfe1 Rfc8 16. Rac1 b5 17. b3 b4 18. Nb1 e5 19. Nd3 Bxd3 20. cxd3 Qb7 21. d4 Nd7 22. dxe5 Nxe5 23. Rxc8+ Rxc8 24. Qxd6 h5 25. Rc1 Rxc1+ 26. Bxc1 Qb5 27. Qd2 Nd3 28. a4 Qc5+ 0-1

[Event "Khanty-Mansiysk Governor Cup Rapid 20th"]
[Site "Khanty-Mansiysk"]
[Date "2024.11.23"]
[Round "3"]
[White "Zakhartsov, Vladimir"]
[Black "Smougalev, Gennady"]
[Result "1-0"]
[WhiteElo "2501"]
[BlackElo "2138"]
[PlyCount "77"]
[EventDate "2024.11.23"]
[EventType "swiss (rapid)"]
[EventRounds "11"]
[EventCountry "RUS"]
[SourceTitle "CB48_2024"]
[SourceDate "2024.11.28"]
[SourceVersion "1"]
[SourceVersionDate "2024.11.28"]
[SourceQuality "1"]

1. d4 Nf6 2. c4 e6 3. Nc3 d5 4. Nf3 Be7 5. Bf4 0-0 6. e3 c5 7. dxc5 Bxc5 8. a3 a6 9. cxd5 exd5 10. Nd4 Ne4 11. Rc1 Nxc3 12. Rxc3 Bxd4 13. exd4 Nc6 14. Be2 Re8 15. Be3 Bf5 16. 0-0 Qd7 17. Qd2 Rac8 18. Rfc1 Ne7 19. Rc5 Be6 20. Bf4 Rxc5 21. dxc5 h6 22. b4 d4 23. Bf3 Rd8 24. h3 Nd5 25. Qxd4 Qc8 26. Rd1 Rd7 27. Bd6 Ne7 28. a4 Bb3 29. Ra1 Nf5 30. Qb2 Be6 31. Be5 Rd3 32. Be4 Rb3 33. Qd2 f6 34. Bc3 Nh4 35. Bc2 Qc6 36. f3 Nxf3+ 37. gxf3 Qxf3 38. Bxb3 Qg3+ 39. Qg2 1-0

[Event "Dvorkovich Memorial op 4th"]
[Site "Taganrog"]
[Date "2009.08.06"]
[Round "5"]
[White "Smougalev, Gennady"]
[Black "Chiniony, Yuri"]
[Result "1-0"]
[WhiteElo "2224"]
[BlackElo "2235"]
[PlyCount "85"]
[EventDate "2009.08.02"]
[EventType "swiss"]
[EventRounds "9"]
[EventCountry "RUS"]
[SourceTitle "EXT 2022"]
[Source "ChessBase"]
[SourceDate "2021.10.06"]
[SourceVersion "1"]
[SourceVersionDate "2021.10.06"]
[SourceQuality "1"]

1. d4 Nf6 2. g3 g6 3. Bg2 Bg7 4. e4 d6 5. Ne2 Nbd7 6. h3 c5 7. Nbc3 0-0 8. Be3 Rb8 9. a4 b6 10. 0-0 a6 11. g4 e5 12. dxe5 dxe5 13. Qd2 Bb7 14. Rad1 Bc6 15. Ng3 Qe7 16. g5 Ne8 17. h4 Nc7 18. Qd6 Qe6 19. Qxc7 Rfc8 20. Qd6 Qg4 21. h5 Bf8 22. Qd3 b5 23. axb5 axb5 24. Qe2 Qh4 25. Nd5 Rd8 26. Bf3 f5 27. gxf6 Nxf6 28. Nxf6+ Qxf6 29. Rxd8 Rxd8 30. Rd1 Ra8 31. Kg2 Be7 32. Bg4 gxh5 33. Bxh5 Kh8 34. Bg4 Rg8 35. f3 Qg6 36. Rh1 c4 37. Rh6 Qe8 38. Qd1 Rg6 39. Qh1 Bf8 40. Rxh7+ Kg8 41. Rh8+ Kf7 42. Qh7+ Rg7 43. Qf5+ 1-0

[Event "Dvorkovich Memorial op 4th"]
[Site "Taganrog"]
[Date "2009.08.03"]
[Round "2"]
[White "Karpov, Vadim"]
[Black "Smougalev, Gennady"]
[Result "1-0"]
[WhiteElo "2386"]
[BlackElo "2224"]
[PlyCount "48"]
[EventDate "2009.08.02"]
[EventType "swiss"]
[EventRounds "9"]
[EventCountry "RUS"]
[SourceTitle "EXT 2022"]
[Source "ChessBase"]
[SourceDate "2021.10.06"]
[SourceVersion "1"]
[SourceVersionDate "2021.10.06"]
[SourceQuality "1"]

1. c4 e6 2. Nf3 d5 3. e3 Nf6 4. d4 c5 5. Nc3 Nc6 6. cxd5 Nxd5 7. Bd3 cxd4 8. exd4 Be7 9. 0-0 0-0 10. Re1 Bd7 11. Nxd5 exd5 12. Ne5 Nxe5 13. Rxe5 Be6 14. Qh5 g6 15. Qh6 Bf6 16. Rh5 Re8 17. Qxh7+ Kf8 18. Bxg6 Ke7 19. Re5 Bxe5 20. dxe5 Kd7 21. Bxf7 Bxf7 22. Qxf7+ Kc6 23. Be3 Rxe5 24. Rc1+ Kb5 1-0

[Event "RUS-ch 60th zt"]
[Site "Rostov on Don"]
[Date "2007.03.??"]
[Round "3"]
[White "Smougalev, Gennady"]
[Black "Rjabzev, Konstantin"]
[Result "0-1"]
[WhiteElo "2240"]
[BlackElo "2387"]
[PlyCount "80"]
[EventDate "2007.03.16"]
[EventType "swiss"]
[EventRounds "9"]
[EventCountry "RUS"]
[SourceTitle "EXT 2022"]
[Source "ChessBase"]
[SourceDate "2021.10.06"]
[SourceVersion "1"]
[SourceVersionDate "2021.10.06"]
[SourceQuality "1"]

1. Nf3 Nf6 2. g3 d5 3. Bg2 e6 4. 0-0 Be7 5. d3 0-0 6. Nbd2 c5 7. e4 Nc6 8. e5 Nd7 9. Re1 Qc7 10. Qe2 b6 11. h4 Bb7 12. Nf1 Rae8 13. Bf4 Bd8 14. h5 Qb8 15. h6 g6 16. N1h2 Bc7 17. Ng4 f5 18. Ngh2 d4 19. c4 Qa8 20. a3 Nd8 21. b4 Nf7 22. Rab1 Bc6 23. Qd2 Bd8 24. Re2 Kh8 25. Qc1 Rg8 26. Bd2 g5 27. Rb3 Rg6 28. Qf1 g4 29. Ne1 Ndxe5 30. bxc5 Nf3+ 31. Kh1 bxc5 32. Bc1 Bg5 33. Bxf3 gxf3 34. Rc2 Rxh6 35. Bxg5 Nxg5 36. Rcb2 e5 37. Nc2 e4 38. Qa1 Ba4 39. Nxd4 Bxb3 40. Nxb3 Kg8 0-1

[Event "Kharkov Caissa CC-ch"]
[Site "Kharkov"]
[Date "2003.04.12"]
[Round "5"]
[White "Smougalev, Gennady"]
[Black "Shalimov, Valery"]
[Result "0-1"]
[WhiteElo "2342"]
[BlackElo "2456"]
[PlyCount "94"]
[EventDate "2003.04.08"]
[EventType "tourn"]
[EventRounds "11"]
[EventCountry "UKR"]
[EventCategory "3"]
[SourceTitle "CBM 093 Extra"]
[Source "ChessBase"]
[SourceDate "2003.05.09"]
[SourceVersion "1"]
[SourceVersionDate "2003.05.09"]
[SourceQuality "1"]

1. c4 e6 2. Nc3 d5 3. d4 c6 4. e4 dxe4 5. Nxe4 Bb4+ 6. Bd2 Qxd4 7. Bxb4 Qxe4+ 8. Be2 Na6 9. Bc3 Ne7 10. Nf3 f6 11. Nd2 Qf4 12. g3 Qc7 13. Bh5+ Ng6 14. Qc2 0-0 15. 0-0-0 e5 16. Bxg6 hxg6 17. Qxg6 Nc5 18. Bb4 Qb6 19. Ba3 Be6 20. Ne4 Nxe4 21. Bxf8 Rxf8 22. Qxe4 Qxf2 23. Rd2 Qc5 24. Rhd1 Bxc4 25. Rc2 Bd5 26. Qe2 Qa5 27. b3 Qa3+ 28. Kb1 a5 29. Rc3 Qb4 30. Kb2 Ra8 31. a3 Qe7 32. g4 e4 33. Qe3 b5 34. Qd4 b4 35. axb4 axb4 36. Rc5 Qb7 37. g5 fxg5 38. Rg1 Qa7 39. Qxb4 Rb8 40. Qa5 Rxb3+ 41. Kc2 Qb7 42. Qa1 Rf3 43. Qd4 Qb3+ 44. Kc1 Qa3+ 45. Kc2 Bb3+ 46. Kb1 Ba2+ 47. Kc2 Bb3+ 0-1

[Event "Moscow op"]
[Site "Moscow"]
[Date "1995.??.??"]
[Round "1"]
[White "Belikov, Vladimir"]
[Black "Smougalev, Gennady"]
[Result "1-0"]
[WhiteElo "2470"]
[BlackElo "2245"]
[PlyCount "25"]
[EventDate "1995.??.??"]
[EventType "swiss"]
[EventRounds "9"]
[EventCountry "RUS"]
[SourceTitle "EXT 2000"]
[Source "ChessBase"]
[SourceDate "1999.11.16"]
[SourceVersion "1"]
[SourceVersionDate "1999.11.16"]
[SourceQuality "1"]

1. e4 c6 2. c4 d5 3. exd5 cxd5 4. cxd5 Nf6 5. Nc3 Nxd5 6. Nf3 e6 7. d4 Be7 8. Bd3 0-0 9. 0-0 Nc6 10. Re1 Bd7 11. Nxd5 exd5 12. Ne5 Be6 13. Qh5 1-0

[Event "Moscow op2"]
[Site "Moscow"]
[Date "1995.??.??"]
[Round "4"]
[White "Smougalev, Gennady"]
[Black "Moizhess, Igor"]
[Result "1-0"]
[WhiteElo "2230"]
[BlackElo "2445"]
[PlyCount "31"]
[EventDate "1995.11.??"]
[EventType "swiss"]
[EventRounds "9"]
[EventCountry "RUS"]
[SourceTitle "EXT 1998"]
[Source "ChessBase"]
[SourceDate "1997.11.17"]
[SourceVersion "1"]
[SourceVersionDate "1997.11.17"]
[SourceQuality "1"]

1. d4 Nf6 2. c4 e6 3. Nf3 Bb4+ 4. Nbd2 d5 5. e3 0-0 6. a3 Be7 7. Bd3 b6 8. e4 Bb7 9. Qe2 Nbd7 10. 0-0 c5 11. cxd5 exd5 12. e5 Ne8 13. e6 fxe6 14. Qxe6+ Kh8 15. Re1 Bf6 16. Qh3 1-0